000 00684cab a2200205 4500
001 ABS46572
008 090401t1992 xxu||||| |||| 00| 0 eng d
035 _a(Sirsi) u58777
041 _aeng
100 _aLinneman, P.D.
245 _aHousing affordability : myth or reality?
260 _c1992
350 _a0
490 _aUrban Studies
_v29(3/4) 1992, 369-392(13)
520 _aFirst of a series of articles on current housing research in developed countries examining the key housing issues. This article concentrates on housing affordibility relying primarily on US experience.
690 _aHOUSING
700 _aMegbolugbe, I.F.
942 _n0
948 _c04/03/1997
999 _c35941
_d35941